000 00469nam a2200193Ia 4500
003 GCL
008 140319s9999 xx 000 0 eng d
040 _aGCL /
_cGCL
082 0 4 _a616
_bA A
100 1 _aADLER, MICHAEL W
245 1 0 _aABC OF AIDS /
_cADLER, MICHAEL W
260 _a[S.N] :
_bBMJ PUBLISHING GROUP ،
_c1993
300 _a86
650 0 4 _aDISEASES
650 0 4 _aMEDICINE
650 0 4 _aAIDED DESIGN
650 0 4 _aAIDS (DISEASE)
942 _2ddc
_cBK
999 _c10921
_d10921